| 000 | 00415nam a2200109Ia 4500 | ||
|---|---|---|---|
| 008 | 160909s9999 xx 000 0 und d | ||
| 100 | _aMagana, Cynthia Guadalupe | ||
| 245 | _aStress and self-efficacy among Latino immigrant parents: A quantitative study | ||
| 260 |
_bCalifornia State University, Long Beach. _c2016 |
||
| 650 | _aENTREPRENEURSHIP | ||
| 856 | _uhttp://pqdtopen.proquest.com/doc/1762246706.html?FMT=ABS | ||
| 999 |
_c304432 _d304432 |
||